সওগাত ১৩৭৩ / (Record no. 8088)
[ view plain ]
| 000 -LEADER | |
|---|---|
| fixed length control field | 00494nam a22001937a 4500 |
| 003 - CONTROL NUMBER IDENTIFIER | |
| JCCL marc code | BD-JhCC |
| 005 - DATE AND TIME OF LATEST TRANSACTION | |
| control field | 20180218131600.0 |
| 008 - FIXED-LENGTH DATA ELEMENTS--GENERAL INFORMATION | |
| fixed length control field | 180218b1373 bg ||||| |||| 00| 0 ben d |
| 035 ## - SYSTEM CONTROL NUMBER | |
| system control number | (BD-JhCC) |
| 040 ## - CATALOGING SOURCE | |
| Original cataloging agency | BD-JhCC |
| Modifying agency | BD-JhCC |
| 041 ## - LANGUAGE CODE | |
| Language code of Book | ben |
| 082 ## - DEWEY DECIMAL CLASSIFICATION NUMBER | |
| Classification number | 077.95492 |
| Author mark and Year | 1373 |
| 100 ## - MAIN ENTRY--PERSONAL NAME | |
| Personal name | সওগাত ১৩৭৩ |
| 245 ## - TITLE STATEMENT | |
| Title | সওগাত ১৩৭৩ / |
| Statement of responsibility, etc | সওগাত ১৩৭৩ |
| 300 ## - PHYSICAL DESCRIPTION | |
| Pagination | 364 p. : |
| Dimensions | 22 cm. |
| 650 ## - SUBJECT ADDED ENTRY--TOPICAL TERM | |
| Topical term or geographic name as entry element | Newspaper |
| 942 ## - ADDED ENTRY ELEMENTS (KOHA) | |
| Source of classification or shelving scheme | Dewey Decimal Classification |
| Koha item type | Books |
| Source of classification or shelving scheme | Damaged status | Not for loan | Home library | Current library | Shelving location | Date of accession | Cost, normal purchase price | Total Checkouts | Full call number | Barcode | Date last seen | Copy number | Koha item type |
|---|---|---|---|---|---|---|---|---|---|---|---|---|---|
| Dewey Decimal Classification | JCC Rouf Library | JCC Rouf Library | General Stacks | 02/18/2018 | 3.50 | 077.95492 1373 | 1090 | 02/18/2018 | C-1 | Books |